|
|
|
|
| LEADER |
00952nam a22002532a 4500 |
| 001 |
001289111 |
| 003 |
CZ BrMZK |
| 005 |
20130421124208.0 |
| 007 |
ta |
| 008 |
130421s1926 xr er|||||||||||cze d |
| 015 |
|
|
|a cnb000580269
|
| 035 |
|
|
|a (OCoLC)62245625
|
| 040 |
|
|
|a ABA001
|b cze
|c ABA001
|d ABA001
|
| 100 |
1 |
|
|a Hutter, Josef,
|d 1894-1959
|7 jk01043354
|4 aut
|
| 245 |
1 |
0 |
|a Česká notace.
|n Část 1,
|p Neumy /
|c napsal J. Hutter
|
| 246 |
3 |
0 |
|a Neumy
|
| 260 |
|
|
|a Praha :
|b A. Neubert,
|c 1926
|
| 300 |
|
|
|a 85 s. :
|b 5 listů příl. ;
|c 8°
|
| 490 |
1 |
|
|a Hudební věda. Sbírka monografií a příruček ;
|v sv. 1
|
| 830 |
|
0 |
|a Hudební věda.
|p Sbírka monografií a příruček
|
| 856 |
4 |
1 |
|u http://www.digitalniknihovna.cz/mzk/uuid/uuid:628c23c0-75d4-11eb-9f97-005056827e51
|y Digitalizovaný dokument
|x NDK
|
| 910 |
|
|
|a BOA001
|b 2-0092.390,1
|
| 990 |
|
|
|a BK
|
| 996 |
7 |
|
|b 2619074968
|c 2-0092.390,1
|l MZK
|r Sklad / do 24 hodin
|n 9
|w 001323714
|u 000010
|a 1
|e BOA001
|j MZK50
|s A
|